[Event "MSR2018s4"]
[Site "?"]
[Date "2018.04.24"]
[Round "6.23"]
[White "Visvader, Kristof"]
[Black "Sahidi, Sear"]
[Result "1-0"]
[BlackElo "1176"]
[WhiteElo "1252"]
[LiveChessVersion "1.4.8"]

1. e4 {[%clk 1:30:57]} e5 {[%clk 1:30:50]} 2. Nf3 {[%clk 1:31:23]} Nc6
{[%clk 1:31:08]} 3. Bb5 {[%clk 1:31:47]} Nf6 {[%clk 1:30:32]} 4. Nc3
{[%clk 1:31:46]} Bb4 {[%clk 1:30:38]} 5. d3 {[%clk 1:32:01]} d6 {[%clk 1:30:44]}
6. Bg5 {[%clk 1:32:17]} Bg4 {[%clk 1:30:34]} 7. O-O {[%clk 1:32:12]} Bxc3
{[%clk 1:30:22]} 8. bxc3 {[%clk 1:32:23]} O-O {[%clk 1:30:19]} 9. Re1
{[%clk 1:32:37]} a6 {[%clk 1:30:06]} 10. Ba4 {[%clk 1:32:51]} Qe7
{[%clk 1:29:11]} 11. Bb3 {[%clk 1:32:51]} Rfe8 {[%clk 1:28:31]} 12. Re3
{[%clk 1:31:39]} Na5 {[%clk 1:27:26]} 13. d4 {[%clk 1:31:41]} Rad8
{[%clk 1:23:42]} 14. Qe2 {[%clk 1:31:02]} Qd7 {[%clk 1:19:06]} 15. Rd1
{[%clk 1:29:36]} Re7 {[%clk 1:17:40]} 16. dxe5 {[%clk 1:29:42]} Rxe5
{[%clk 1:16:48]} 17. Nxe5 {[%clk 1:28:15]} Bxe2 {[%clk 1:16:01]} 18. Nxd7
{[%clk 1:28:27]} Bxd1 {[%clk 1:15:51]} 19. Nxf6+ {[%clk 1:28:44]} gxf6
{[%clk 1:15:42]} 20. Bxf6 {[%clk 1:28:59]} Re8 {[%clk 1:15:15]} 21. f3
{[%clk 1:28:52]} Nxb3 {[%clk 1:15:17]} 22. cxb3 {[%clk 1:29:10]} d5
{[%clk 1:14:34]} 23. Rd3 {[%clk 1:28:30]} Re6 {[%clk 1:13:08]} 24. Rxd1
{[%clk 1:28:47]} Rxf6 {[%clk 1:13:35]} 25. Rxd5 {[%clk 1:29:05]} Rc6
{[%clk 1:13:45]} 26. c4 {[%clk 1:29:24]} Kf8 {[%clk 1:13:46]} 27. Kf2
{[%clk 1:29:34]} Ke7 {[%clk 1:14:01]} 28. Ke3 {[%clk 1:29:43]} Rh6
{[%clk 1:14:10]} 29. h3 {[%clk 1:29:47]} Rg6 {[%clk 1:14:28]} 30. Kf2
{[%clk 1:29:42]} Rd6 {[%clk 1:14:41]} 31. Rxd6 {[%clk 1:29:48]} Kxd6
{[%clk 1:15:02]} 32. b4 {[%clk 1:30:02]} c5 {[%clk 1:15:18]} 33. a3
{[%clk 1:30:12]} b5 {[%clk 1:15:30]} 34. cxb5 {[%clk 1:30:18]} axb5
{[%clk 1:15:49]} 35. Ke3 {[%clk 1:30:38]} Kc6 {[%clk 1:15:14]} 36. bxc5
{[%clk 1:30:40]} Kxc5 {[%clk 1:15:33]} 37. Kd3 {[%clk 1:31:00]} Kc6
{[%clk 1:15:18]} 38. Kc3 {[%clk 1:30:55]} Kc5 {[%clk 1:15:20]} 39. f4
{[%clk 1:31:11]} Kc6 {[%clk 1:15:35]} 40. g4 {[%clk 1:31:27]} Kd6
{[%clk 1:15:47]} 41. Kd4 {[%clk 1:31:33]} Kc6 {[%clk 1:15:43]} 42. e5
{[%clk 1:31:54]} Kb6 {[%clk 1:15:48]} 43. f5 {[%clk 1:32:14]} Ka5
{[%clk 1:16:05]} 44. Kc5 {[%clk 1:32:22]} Ka6 {[%clk 1:15:58]} 45. e6
{[%clk 1:32:38]} fxe6 {[%clk 1:16:09]} 46. fxe6 {[%clk 1:33:01]} Kb7
{[%clk 1:16:15]} 47. e7 {[%clk 1:33:24]} Kc7 {[%clk 1:16:25]} 48. e8=Q
{[%clk 1:33:36]} Kb7 {[%clk 1:16:25]} 49. Qc6+ {[%clk 1:33:40]} Kb8
{[%clk 1:16:19]} 50. Kb6 {[%clk 1:33:57]} h5 {[%clk 1:16:35]} 51. Qb7# 1-0

[Event "MSR2018s4"]
[Site "?"]
[Date "2018.04.24"]
[Round "6.24"]
[White "Oruzinsky, Juraj"]
[Black "Karapetsas, Athanasios"]
[Result "0-1"]
[BlackElo "1237"]
[WhiteElo "1000"]
[LiveChessVersion "1.4.8"]

1. e4 {[%clk 1:30:34]} c6 {[%clk 1:30:46]} 2. Bc4 {[%clk 1:30:50]} d5
{[%clk 1:30:51]} 3. exd5 {[%clk 1:31:12]} cxd5 {[%clk 1:31:09]} 4. Bb5+
{[%clk 1:31:34]} Bd7 {[%clk 1:30:45]} 5. Bxd7+ {[%clk 1:31:43]} Nxd7
{[%clk 1:31:02]} 6. d3 {[%clk 1:32:02]} Ngf6 {[%clk 1:30:50]} 7. Bf4
{[%clk 1:32:06]} e5 {[%clk 1:31:02]} 8. Bg5 {[%clk 1:32:30]} Bc5 {[%clk 1:30:39]}
9. Nc3 {[%clk 1:32:22]} Qb6 {[%clk 1:30:09]} 10. Qd2 {[%clk 1:31:18]} Qxb2
{[%clk 1:29:07]} 11. Rb1 {[%clk 1:31:34]} Qa3 {[%clk 1:29:08]} 12. Bxf6
{[%clk 1:32:02]} Nxf6 {[%clk 1:28:49]} 13. Rb3 {[%clk 1:31:46]} Qa6
{[%clk 1:28:50]} 14. Nb5 {[%clk 1:32:11]} Qc6 {[%clk 1:27:57]} 15. Qg5
{[%clk 1:31:12]} O-O {[%clk 1:27:05]} 16. Nf3 {[%clk 1:30:52]} e4
{[%clk 1:26:10]} 17. dxe4 {[%clk 1:30:51]} Nxe4 {[%clk 1:24:31]} 18. Qf5
{[%clk 1:30:11]} Bxf2+ {[%clk 1:23:35]} 19. Kd1 {[%clk 1:29:06]} Rac8
{[%clk 1:23:03]} 20. Nfd4 {[%clk 1:28:48]} Bxd4 {[%clk 1:22:54]} 21. Nxd4
{[%clk 1:29:05]} Qc4 {[%clk 1:21:44]} 22. Rd3 {[%clk 1:25:21]} g6
{[%clk 1:19:58]} 23. Qf3 {[%clk 1:24:29]} Rce8 {[%clk 1:18:06]} 24. Qf4
{[%clk 1:22:23]} Qxa2 {[%clk 1:18:01]} 25. Nf5 {[%clk 1:21:27]} Qb1+
{[%clk 1:17:44]} 26. Ke2 {[%clk 1:21:37]} Qxc2+ {[%clk 1:16:25]} 0-1